00622nam a2200217Ia 4500003000400000005001700004008004100021020001900062040000700081041000800088082001600096100003000112245003900142260001700181300000900198650002200207700002700229942001300256999001900269952011600288OSt20251208113803.0250729s1964 xx 000 0 und d a978-0471095101 cAL aeng a370.78 BAHT aBradford P Leland9226061 aT-group theory & laboratory method aLondonc1964 a498p aEducation9226062 aRao Digumurthi9226063 2ddccBED c237167d237167 00104070aALbALd2025-07-29eManagement Booksl0o370.78 BAHTpBED02486r2025-07-29 16:55:27w2025-07-29yBK